000 00687nam a2200289Ia 4500
005 20260324133204.0
008 008 260324s9999 xx 000 0 eng d
020 _a9780429484704
037 _aEBOOK
040 _aCRL
040 _beng
040 _cCRL
041 _2eng
041 _aeng
084 _qCRL
100 _aSverre Varvin
_91192130
245 0 _aViolence or Dialogue?
245 0 _bPsychoanalytic Insights on Terror and Terrorism
260 _bTaylor and Francis
260 _c2003
365 _a
365 _b195
856 _uhttp://www.taylorfrancis.com/books/9780429484704
942 _cEBOOK
999 _c1790967
_d1790967